000 00314nam a22001457a 4500
008 210604b ||||| |||| 00| 0 eng d
020 _a0471042137
041 _aeng
080 _22nd
_a541
082 _a541
100 _a12
101 _aKIM
245 _aOrganic Chemistry
_cGraham Solomons
942 _2udc
_cBK
999 _c57976
_d57976